000 01236nam a2200277Ia 4500
001 220.6-HAR wi nu (593)
003 IT-MiSPE
008 171229s9999||||xx |||||||||||||| ||und||
040 _aIT-MiSPE
_cIT-MiSPE
041 _aITALIANO
100 _aWilfrid Harrington
240 _aRecord of Revelation, R. of the Promise, R. of the Fulfillment; Nouvelle introduction à la Bible
245 0 _aNuova introduzione alla Bibbia
250 _a1a ed. (v)
260 _aBologna
_bEDP
_c1975
300 _a806 p.
_c24 cm
490 _aLettura pastorale della Bibbia
500 _aBibbia - Introduzioni
501 _aEdizioni San Paolo srl - Piazza Soncino, 5 - 20092 CINISELLO BALSAMO (MI) (non commercial uses only) ® Copyright 2018
520 _aTeodorico Ballarini (bibl. e rev.)
700 _aMario Sangiorgio
_g(traduzione)
700 _aTeodorico Ballarini
942 _cBK
957 _71
999 _a7027
_bNO
_g Copie: 1
_c338069
_d338069